00542nam a2200193Ia 4500001001000000003000500010008004100015010001100056040000900067082002200076245008600098260003700184300001100221650002900232650002800261700001800289700002200307700001900329Para_7769CHAP220125s1981 xx 000 0 und d a206769 cCHAP aPA-C 576.6403 D52 aA Dictionary of virology /c by K. E. K. Rowson, T. A. L. Rees and B. W. J. Mahy aLondon :b Blackwell Scientific a230 p. aVirus x clasificación aVirus x Diccionarios  aB. W. J. Mahy aRowson, K. E. K.  aT. A. L. Rees